Guatemala departments - Statistics

General Stats
  • This quiz has been taken 67 times
  • The average score is 14 of 22
Answer Stats
Answer % Correct
Guatemala
94%
Peten
76%
Alta Verapaz
71%
Baja Verapaz
71%
Jalapa
71%
Santa Rosa
71%
Huehuetenango
65%
Izabal
65%
Quetzaltenango
65%
Suchitepequez
65%
Zacapa
65%
Chiquimula
59%
El progreso
59%
Escuintla
59%
Jutiapa
59%
Sacatepequez
59%
San Marcos
59%
Solola
53%
Chimaltenango
47%
Retalhuleu
47%
Totonicapan
47%
El Quiche
35%
No matching quizzes found
Score Distribution
Percent of People with Each Score
Percentile by Number Answered
Your Score History
You have not taken this quiz